| 000 | 00726nam a2200253Ia 4500 | ||
|---|---|---|---|
| 003 | OSt | ||
| 005 | 20220918170126.0 | ||
| 006 | a|||||r|||| 00| 0 | ||
| 007 | ta | ||
| 008 | 220917b |||||||| |||| 00| 0 eng d | ||
| 020 | _a9004110224 (hbk) | ||
| 024 | _a176,960 | ||
| 037 | _cTextual | ||
| 040 |
_aARTS _cARTS _beng |
||
| 041 |
_2eng _aeng |
||
| 082 | _aQ, N8 (SC) | ||
| 245 | 0 |
_aWhat is religion? _b origins definitions, and explanations edited by Thomas A. Idinopulas and Brian C. Wilson |
|
| 260 |
_aLeiden _bBrill _c1998 |
||
| 300 |
_avii, 180p. _ccm. |
||
| 490 | _aStudies in the history of religions | ||
| 650 | _aRELIGION | ||
| 942 |
_hQ, N8 (SC) _cTEXL _2CC |
||
| 999 |
_c132723 _d132723 |
||